000 00644nam a2200205Ia 4500
005 20260114154953.0
008 008 250103s9999 xx 000 0 eng d
037 _aTheses
040 _aCRL
_beng
_cCRL
041 _aeng
_2eng
084 _qCRL
100 _aJajo Ringyao Au.
_9869103
245 0 _aStudy of Stress Responsive Methylome Dynamics In Rice
260 _aDelhi
_bUniversity of Delhi. Faculty of Inter-Disciplinary&Applied Science. Deptt. of Plant Molecular Biology
_c2024
300 _a174p.
650 _aMolecular Biology
_9869104
700 _a Raghuvanshi Saurabh Gu.
_9869105
942 _cTH
999 _c1469411
_d1469411